• 首页
  • 本馆介绍
  • 公告通知
  • 最新文献
  • 馆藏检索
  • 电子资源
  • 读者导购
  • 参考咨询
  • 我的图书馆
  • 登录
  • 详细信息显示
  • 放入我的书架
  • 预约/预借图书
  • 作者相关作品
  • 分类相关作品
  • 丛书相关作品
  • 出版社相关作品

书目信息

  • 表格格式
  • 工作单格式
  • 卡片格式
题名:
中国古代天文学的成就
    
 
作者: 陈遵妫 撰
分册:  
出版信息: 北京   科学普及出版社  1955
页数: 49页
开本: 18cm
丛书名:
单 册:
中图分类: P1-092
科图分类:
主题词: 天文学史--中国 , 天文学
电子资源:
ISBN:
000 00633nam0 2200241 45 980
001 0633372687
005 20060812091651.07
010    @dCNY0.18
091    @a13051.39
100    @a19970320d1955 em y0chiy0121 ea
101 0  @achi
102    @aCN@b110000
105    @afkc z 000yy
106    @ar
200 10 @a中国古代天文学的成就@Azhong guo gu dai tian wen xue de cheng jiu@f陈遵妫撰
210    @a北京@c科学普及出版社@d1955
215    @a49页@c图,照,像@d18cm
606    @a天文学史@y中国
606 0  @a天文学
690    @aP1-092@v3
701  0 @a陈遵妫@4撰@Achen zun gui
801 0  @c20060812
905    @a10447@dP1-092@e115
    
    中国古代天文学的成就/陈遵妫撰 .-北京:科学普及出版社,1955
    49页:图,照,像;18cm
    
    
    ISBN :CNY0.18
    
●
相关链接 在E读中查询图书 在五车中查询图书 在当当中查询图书 在豆瓣中查询图书


正题名:中国古代天文学的成就     索取号:P1-092/115         预约/预借

序号 登录号 条形码 馆藏地/架位号 状态 备注
1 0452332   204523328   密集书库/ [索取号:P1-092/115] 在馆    
唐山师范学院图书馆 欢迎您!
大连网信软件有限公司© 版权所有